Integración fluvial de Sur América (IFSA) : (Registro nro. 1489)

Detalles MARC
000 -CABECERA
Campo de control 00609nam a2200205 a 4500
005 - FECHA Y HORA DE LA ULTIMA TRANSACCION
Campo de control 20151128022550.0
008 - ELEMENTOS DE LONGITUD FIJA—INFORMACION GENERAL
Campo de control 140227b1999 ck ||||| |||| 00| 0 spa d
040 ## - FUENTE DE CATALOGACIÓN
Agencia catalogadora original CO-BoIAVH
Agencia transcriptora CO-BoIAVH
041 ## - IDIOMA
Código de idioma para texto/pista de sonido o título separado Español
044 ## - PAÍS DE PUBLICACIÓN
País de publicación Colombia
082 1# - NUMERO DE CLASIFICACION DECIMAL DEWEY
Número de clasificación 333.9162153
Número del ítem O83i
100 1# - ASIENTO PRINCIPAL--NOMBRE PERSONAL
Nombre personal Ospina H., Mariano
9 (RLIN) 10696
245 10 - MENCION DE TITULO
Título Integración fluvial de Sur América (IFSA) :
Parte restante del título por los ríos hacia un nuevo mundo
260 ## - PUBLICACION, DISTRIBUCION, ETC. (PIE DE IMPRENTA)
Lugar de publicación, distribución, etc. Bogotá:
Nombre del editor, distribuidor, etc. CIFSA,
Fecha de publicación, distribución, etc. 1999.
300 ## - DESCRIPCION FISICA
Extensión 2 vol.
650 1# - ASIENTO SECUNDARIO DE MATERIA - TERMINO TEMATICO
Término temático o nombre geográfico como elemento de entrada Estudio de factibilidad
9 (RLIN) 3857
650 1# - ASIENTO SECUNDARIO DE MATERIA - TERMINO TEMATICO
Término temático o nombre geográfico como elemento de entrada Ríos
Subdivisión general recursos económicos
9 (RLIN) 43534
662 1# - ASIENTO SECUNDARIO DE MATERIA - JERARQUIA DEL NOMBRE DE LUGAR(
Jurisdicción política intermedia América del Sur
942 ## - ELEMENTOS ADICIONALES (KOHA)
Tipo de ítem Libro
Sistema de clasificación Dewey Decimal Classification
Existencias
Withdrawn status Lost status Sistema de Clasificación Damaged status No para préstamo Colección Inventariado Ubicación Permanente Ubicación actual Fecha de adquisición Fuente de Valor Valor Total Checkouts Número topográfico Inventario / Código de Barras Date last seen Ejemplar Price effective from Forma de adquisición Tipo de material
    Dewey Decimal Classification     General Inventariado 2017 Bogotá Bogotá 19/09/1999 Centro de Integración Fluvial de Sur América 39000.00   LB-333.9162153 O83i 002067 04/12/2012 V. 1 Ej. 1 04/12/2012   Libro
    Dewey Decimal Classification     General Inventariado 2017 Bogotá Bogotá 19/09/1999 Centro de Integración Fluvial de Sur América 39000.00   LB-333.9162153 O83i 002068 04/12/2012 V. 2 Ej. 1 04/12/2012 Donación Libro